Words That End in 'M' Alphabetically Quiz Stats

 Plays Quiz Updated Mar 18, 2014

Support Sporcle.
Go Orange.
Score 0/26 Timer 04:00
0 Plays Today
Clue Answer % Correct
Witch's mode of transportBroom
99%
Area of land devoted to agricultureFarm
91.1%
Set of clothes worn by a teamUniform
87.1%
Type of fungus, sometimes edibleMushroom
86.6%
Alcoholic beverage made from sugarcaneRum
85%
Poisonous fluid produced by some animalsVenom
84.3%
Sound or expression signifying the tastiness of food or drinkYum!
82.5%
Precious or sentimental item passed down through generationsHeirloom
81.8%
Tepid; closer to hot than coldLukewarm
81%
Ancient amphitheater and renowned Roman landmarkColosseum
76.7%
Sheet of muscle essential for breathingDiaphragm
75.1%
SI unit of massKilogram
74.2%
Branch of physics devoted to studying microscopic physical phenomenaQuantum
74.1%
Clue Answer % Correct
Name given to a bicycle designed for more than one personTandem
73.7%
Native American tentWigwam
72.5%
North American marsupialOpossum
64.7%
Islamic religious leaderImam
64.6%
Flammable chemical weaponNapalm
64.2%
Chemical element often found in cheaper alternatives to diamondsZirconium
63.1%
Abbreviation formed by the initials of a name or phraseAcronym
58.8%
In rugby union, a means of restarting play after an infringementScrum
55.2%
Fabric with a check pattern of repeating squaresGingham
53%
Cargo or equipment thrown overboard to lighten a ship's loadJetsam
44.8%
Use of an inoffensive word in place of an offensive one, often with comic effectEuphemism
36.1%
Plant tissue used to transport waterXylem
36.1%
Tool for plucking stringed instrumentsPlectrum
21.5%

You're not logged in!

Compare scores with friends on all Sporcle quizzes.
OR
Log In
Forgot?

From the Vault

Six-Letter Word Match

by razorz

This quiz is basically a bunch of three letter words tying the knot. So romantic.
Remove Ads.
Support Sporcle.
Get the best of Sporcle when you Go Orange. This ad-free experience offers more features, more stats, and more fun while also helping to support Sporcle. Thank you for becoming a member.

Show Comments

Extras

Top Quizzes Today


Score Distribution

Your Account Isn't Verified!

In order to create a playlist on Sporcle, you need to verify the email address you used during registration. Go to your Sporcle Settings to finish the process.

Report this User

Report this user for behavior that violates our Community Guidelines.

Details: